000 00693nam a2200205Ia 4500
999 _c36485
_d36485
001 2403
003 GE_BSU
005 20230830120637.0
008 181216s1978||||ge |||||||||||||| ||geo||
040 _cGE_BSU
041 _ageo
080 _a661.61 ბ–37
100 _aბახტაძე, გივი
_919727
245 _aთირკმლის დაავადებები /
_cგივი ბახტაძე.
264 _aთბილისი:
_bსაბჭ. საქართველო,
_c1978.
300 _a62 გვ.;
_b15სმ.
653 _aთირკმლის დაავადებები
653 _aმედიცინა
942 _cBK
_2udc